LIBRARY & INFORMATION CENTRE, KCAET, TAVANUR

ONLINE PUBLIC ACCESS CATALOGUE (OPAC)

Machine shop Practice / (Record no. 3343)

MARC details
000 -LEADER
fixed length control field 00376cam a2200157ua 4500
041 ## - LANGUAGE CODE
Language code of text/sound track or separate title eng
082 ## - DEWEY DECIMAL CLASSIFICATION NUMBER
Classification number 670.423
Item number MOL/MA
100 ## - MAIN ENTRY--AUTHOR NAME
Personal name Moltrecht, K H .
245 ## - TITLE STATEMENT
Title Machine shop Practice /
250 ## - EDITION STATEMENT
Edition statement 2 /
260 ## - PUBLICATION, DISTRIBUTION, ETC. (IMPRINT)
Place of publication :
Name of publisher Industrial Press ,
Year of publication 1979.
300 ## - PHYSICAL DESCRIPTION
Number of Pages 517 ; .
942 ## - ADDED ENTRY ELEMENTS (KOHA)
Koha item type Books
Holdings
Withdrawn status Lost status Damaged status Home library Current library Date acquired Full call number Accession Number Koha item type
      KAUAET KAUAET 19/08/1986 670.423 15385 Books
free website counter